| 000 | 01703nam a2200325 a 4500 | ||
|---|---|---|---|
| 001 | BRCA_3263 | ||
| 005 | 20190320204207.0 | ||
| 008 | 120309s1828----u--a---###---#000-0#eng-# | ||
| 041 | _aeng | ||
| 044 | _au | ||
| 084 |
_a564 _b.C697 _c1828 |
||
| 100 | 1 |
_aCervantes Saavedra, Miguel de _d1547-1616 _9213 |
|
| 245 | 1 | 0 |
_aThe Life and Exploits of the Gentleman Don Quixote de La Mancha _cTranslated from the Original Spanish of Miguel de Cervantes Saavedra by Charles Jarvis to which is Prefixed a Life of the Author. |
| 260 |
_aFiladelfia _bH. Cowperthwaite _c1828 |
||
| 300 |
_a4 v. _bil. _c15 cm. |
||
| 500 | _aContenido : v.1. Primera parte. Noticia sobre la vida de Cervantes tomada de la escrita por Mayáns. Prólogo del autor. Notas. -- v.2. Texto. -- v.3. Segunda parte. Prólogo del autor. Notas. -- v.4. Texto. Notas | ||
| 500 | _aReproducción norteamericana de la versión de Jarvis, con la vida de Cervantes, basada en la escrita por Mayáns, y notas del traductor. Cada volúmen lleva 1 lámina dibujada por Stothard, y otra por Westall. Piel; planos orlados y lomos decorados con dorados Lúdovik Osterc | ||
| 500 | _aQM448A | ||
| 546 | _aTexto en : inglés | ||
| 650 | 1 | 4 |
_aNovela española _yÉpoca clásica, 1500-1700 _9215 |
| 650 | 1 | 4 |
_aLiteratura española _yÉpoca clásica, 1500-1700 _9216 |
| 650 | 1 | 4 |
_aNovela española _ySiglo XVII _9217 |
| 650 | 1 | 4 |
_aDon Quijote (Personaje ficticio) _eNovela _9218 |
| 700 | 1 |
_aJarvis, Charles _d?-1739 _eTraductor _98676 |
|
| 700 | 1 |
_aSthothard, Thomas _d1755-1843 _eIlustrador _98677 |
|
| 700 | 1 |
_aWestall, Richard _d1765-1836 _eIlustrador _98678 |
|
| 740 | 0 | _aEl Ingenioso Hidalgo Don Quijote de la Mancha | |
| 902 | _aQFM | ||
| 942 |
_2lcc _cB |
||
| 999 |
_c2999 _d2999 |
||